000 00371 a2200157 4500
001 17238
020 _a9788537707975
040 _cAnchieta - Bela Vista
100 _aNaumann-Villemin, Chistine
240 1 0 _aMeus pais dizem não a tudo
_lpor
245 1 0 _aMeus pais dizem não a tudo
300 _a43
362 0 _a2008
650 4 _aLiteratura juvenil
942 _cBK
999 _c17238
_d17238